000 00404nam a2200157Ia 4500
999 _c30280
_d30280
003 OSt
005 20250630121245.0
008 250310s9999||||xx |||||||||||||| ||und||
040 _c.
082 _a823
_bP2475
100 _96050
_aParkinson, C. Northcote
245 0 _aThe law and the profits /
_cC. Northcote Parkinson
260 _aLondon :
_bJohn Murray,
_c1960.
300 _a185 p.
942 _cBK
_2ddc